| 000 | 00675nam a22001937a 4500 | ||
|---|---|---|---|
| 003 | OSt | ||
| 005 | 20251117115327.0 | ||
| 008 | 251117b |||||||| |||| 00| 0 eng d | ||
| 020 | _a971-55-0240-7. | ||
| 040 |
_aDWCL-Main lib _cOC |
||
| 082 |
_22nd ed. _aFil. 331.11 H918 1997 |
||
| 100 | _aOrtigas, Carmela D. | ||
| 245 |
_aHuman resource development the Philippine experience : _bReadings for the Practitioner _cOrtigas, Carmela D. |
||
| 260 |
_aQuezon City : _bADMU Press, _cc1997. |
||
| 300 |
_axiv, 170 pages : _billustration ; _c25 cm. |
||
| 504 | _aIncludes bibliographical references. | ||
| 650 | _21. Labor-policy Philippines. | ||
| 942 |
_2ddc _cBK-FIL _e2nd ed. _kFil. _n0 |
||
| 999 |
_c5720 _d5720 |
||